00438 2200169 4500001002100000005001500021008004100036020001800077035001900095041000700114082000800121090001400129100002300143245003900166260003200205300003100237INLIS00000000000025920241224112137241224||||||||| | ||| |||| || |  a979-518-189-0 0010-1224000259 aid0 a330 a330 GRA d0 aEugene L Grant DKK00adasar-dasar ekonomi teknik jilid 2 aJakartabRineka Ciptac1996 aix, 489 hlm; ilus; 20,5 cm